| Поле | Название | Значение |
| |
Тип записи |
a |
| |
Библиографический уровень |
m |
| 001 |
Контрольный номер |
LIBNET\0000225699 |
| 005 |
Дата корректировки |
20180512104025.9 |
| 010 |
Индекс ISBN |
__ |
| a |
ISBN |
978-5-94648-098-7 (в пер.) |
| d |
Цена |
160-93 |
| 100 |
Данные общей обработки |
__ |
| a |
Данные общей обработки |
19120406d2012 |||y0rusy0189 ca |
| 101 |
Язык документа |
__ |
| a |
Язык текста |
rus |
| 102 |
Страна публикации |
__ |
| a |
Страна публикации |
RU |
| 102 |
Страна публикации |
__ |
| a |
Страна публикации |
RU |
| 105 |
Кодированные данные (монография) |
__ |
| a |
Кодированные данные (монография) |
a|||z|||000zy |
| 200 |
Заглавие и сведения об ответственности |
__ |
| a |
Заглавие |
Психология жертвы |
| e |
Сведения, относящиеся к заглавию |
сказкотерапия для взрослых |
| f |
Первые сведения об ответственности |
М. А. Одинцова |
| 210 |
Выходные данные |
__ |
| a |
Место издания |
Самара |
| c |
Издательство |
Бахрах-М |
| d |
Дата издания |
2012 |
| 215 |
Физическое описание |
__ |
| a |
Объем |
239 с. |
| c |
Иллюстрации/тип воспроизводства |
схем. |
| 225 |
Серия (Журнальная рубрика) |
__ |
| a |
Серия (Журнальная рубрика) |
Мастерская практического психолога |
| 320 |
Библиография |
__ |
| a |
Библиография |
Библиогр.: с. 231-239 |
| 330 |
Аннотация |
__ |
| a |
Аннотация |
В книге дается анализ своеобразной и очень опасной пораженческой психологии, сковывающей и подавляющей личностный потенциал, подчиняющей личность различным ролям и маскам, - установки на поведение жертвы. Перед читателями пройдет галерея легко узнаваемых образов, которые постоянно встречаются в жизни и черты которых читатели могут обнаружить и в самих себе. |
| 606 |
Тематические рубрики |
__ |
| a |
Основная рубрика |
Психология |
| 606 |
Тематические рубрики |
__ |
| a |
Основная рубрика |
Социальная психология |
| 606 |
Тематические рубрики |
__ |
| a |
Основная рубрика |
Отраслевая психология |
| 610 |
Ключевые слова |
__ |
| a |
Ключевые слова |
позитивная психотерапия |
| a |
Ключевые слова |
пораженческая психология |
| a |
Ключевые слова |
психологическая помощь |
| a |
Ключевые слова |
психология жертвы |
| a |
Ключевые слова |
сказкотерапия |
| 686 |
Индексы других классификаций |
__ |
| 2 |
Код системы |
rubbk |
| a |
Индекс ББК |
88.52 |
| 686 |
Индексы других классификаций |
__ |
| a |
Индекс ББК |
88.4 |
| 700 |
Автор |
_1 |
| a |
Фамилия |
Одинцова |
| b |
Имя |
М. А. |
| g |
Полное личное имя |
Мария Антоновна |
| 801 |
Источник записи |
_0 |
| a |
Страна |
RU |
| b |
Организация |
Архангельская ОНБ |
| c |
Дата составления |
20120406 |
| 801 |
Источник записи |
_1 |
| a |
Страна |
RU |
| b |
Организация |
Архангельская ОНБ |
| c |
Дата составления |
20120406 |
| 801 |
Источник записи |
_2 |
| a |
Страна |
RU |
| b |
Организация |
Центральная районная библиотека им. Г. А. Пирожникова |
| c |
Дата составления |
20120406 |
| 852 |
Данные о местонахождении |
__ |
| j |
Шифр хранения |
88.52 |
| i |
Авторский знак |
О-42 |
| b |
Сигла хранения |
ООЧ |
| 901 |
Тип документа |
__ |
| t |
Тип документа |
m |
| 902 |
Роль лиц |
__ |
| a |
Создатель БЗ |
ОКиО/Шумских |
| 905 |
Дата создания БЗ |
__ |
| a |
Дата создания БЗ |
2012.10.18 |
| 990 |
Данные о заказе (DOS) |
__ |
| j |
Количество экземпляров (DOS) |
1 |
| h |
N записи в КСУ для Б/У (DOS) |
2012-8 |